Statistiques concernant Pays selon la température enregistrée la plus basse

Cliquez ici pour prendre le quiz!

Statistiques générales

  • Ce quiz a été pris 98 fois
  • Le résultat moyen est 18 sur 23

Statistiques - réponses

°Cpays% Correct
-62,8Canada
100%
-67,7Russie
100%
-52,6Suède
100%
-62,1Etats-Unis
99%
-51,5Finlande
99%
-51,4Norvège
99%
-69,6Groenland
Danemark
96%
-52,3Chine
90%
-56,0Mongolie
90%
-43,2Lettonie
86%
-42,9Lituanie
86%
-51,6Kazakhstan
85%
-42,2Biélorussie
84%
-43,5Estonie
84%
-45,1Corée du Nord
79%
-53,6Kirghizistan
75%
-51,6Tadjikistan
74%
-42,5Suisse
68%
-52,2Afghanistan
66%
-46,7Arménie
60%
-45,6Turquie
49%
-42,2Tchèquie
42%
-43,5Bosnie-
Herzégovine
11%

Distribution des résultats

Percentile par nombre de réponses

% des personnes avec chaque résultat

Votre développement - résultats

Vous n’avez pas pris ce quiz